000
00296nam a22001217a 4500
082
_a
928.914391
100
_a
Pirzada, Syed Shaifuddin
245
_a
Quiad's Correspondence
260
_a
Lahore :
_b
Services Book Club,
_c
1987.
300
_a
451 p. ;
_b
23 cm.
500
_a
Hardcover..
942
_c
BK
999
_c
34123
_d
34123